| 000 | 01488cam a2200349 a 4500 | ||
|---|---|---|---|
| 001 | EDZ0000020836 | ||
| 003 | StDuBDS | ||
| 005 | 20161031105217.0 | ||
| 006 | m||||||||d|||||||| | ||
| 007 | cr ||||||||||| | ||
| 008 | 110126s2011 caua fo| 001|0|eng d | ||
| 020 |
_a9781446200940 (ebook) : _cNo price |
||
| 040 |
_aStDuBDS _beng _cStDuBDS _epn |
||
| 049 | _aAlfaisal Main Library | ||
| 050 | 4 | _aHD58.82 | |
| 082 | 0 | 4 |
_a658.3124 _223 |
| 245 | 0 | 4 |
_aThe SAGE handbook of workplace learning _h[electronic resource] / _cedited by Margaret Malloch ... [et al.]. |
| 246 | 3 | 0 | _aWorkplace learning |
| 260 |
_aLos Angeles, [Calif.] ; _aLondon : _bSAGE, _c2011. |
||
| 300 |
_a1 online resource (xvii, 476 p.) : _bill. |
||
| 520 | 8 | _aThis handbook provides a state-of-the art overview of the field of workplace learning from a global perspective. The authors are all well-placed theoreticians, researchers, and practitioners in this burgeoning field, which cuts across higher education vocational education and training. | |
| 521 | _aSpecialized. | ||
| 588 | _aDescription based on print version record. | ||
| 504 | _aIncludes bibliographical references and index. | ||
| 650 | 0 | _aOrganizational learning. | |
| 655 | 7 |
_aElectronic books. _2local |
|
| 700 | 1 | _aMalloch, Margaret. | |
| 710 | 2 | _aSage eBooks | |
| 776 | 0 | 8 |
_iPrint version : _z9781847875891 |
| 856 | 4 | 0 | _uhttp://ezproxy.alfaisal.edu/login?url=http://sk.sagepub.com/reference/hdbk_workplacelearning |
| 942 |
_2lcc _cEBOOKS |
||
| 999 |
_c481774 _d481774 |
||